| 000 | 00599cam a2200217 4500500 | ||
|---|---|---|---|
| 005 | 20260405002004.0 | ||
| 041 | _afre | ||
| 042 | _adc | ||
| 100 | 1 | 0 |
_aLequin, Mathilde _eauthor |
| 245 | 0 | 0 | _aMa France |
| 260 | _c2015. | ||
| 500 | _a64 | ||
| 690 | _aFrance | ||
| 690 | _aInfluence | ||
| 690 | _aOlivier Mannoni | ||
| 690 | _aPassé | ||
| 690 | _aPensée | ||
| 690 | _aPeter Sloterdijk | ||
| 786 | 0 | _nPhilosophie magazine | 89 | 5 | 2015-05-01 | p. 74-75 | 1951-1787 | |
| 856 | 4 | 1 | _uhttps://shs.cairn.info/magazine-philosophie-magazine-2015-5-page-74?lang=fr&redirect-ssocas=7080 |
| 999 |
_c2053043 _d2053043 |
||